Joueurs ayant remporté le plus grand nombre de MVP en NBA - Statistiques

Statistiques générales
  • Ce quiz a été pris 687 fois
  • Le résultat moyen est 11 sur 15
Statistiques - réponses
Nombre Joueur % Correct
LeBron James
98%
Michael Jordan
98%
Stephen Curry
91%
6 Kareem Abdul-Jabbar
82%
Nikola Jokić
79%
Larry Bird
78%
4 Wilt Chamberlain
78%
5 Bill Russell
74%
Magic Johnson
73%
Tim Duncan
67%
Giánnis Antetokoúnmpo
64%
Steve Nash
62%
Karl Malone
56%
3 Moses Malone
55%
2 Bob Pettit
36%
Aucun quiz correspondant
Distribution des résultats
% des personnes avec chaque résultat
Percentile par nombre de réponses
Votre historique - résultats
Vous n’avez pas pris ce quiz